Selected aspects of fish health management

Wedi'i Gadw mewn:
Manylion Llyfryddiaeth
Fformat: Llyfr
Iaith:Undetermined
Cyhoeddwyd: Can Tho, Vietnam West-East-South Programme 1995
Pynciau:
Tagiau: Ychwanegu Tag
Dim Tagiau, Byddwch y cyntaf i dagio'r cofnod hwn!
Thư viện lưu trữ: Trung tâm Học liệu Trường Đại học Cần Thơ
LEADER 00514nam a2200169Ia 4500
001 CTU_150785
008 210402s9999 xx 000 0 und d
082 |a 639.94 
082 |b S464 
245 0 |a Selected aspects of fish health management 
245 0 |c Prepared by Galina Jeney, Zsigmond Jeney 
260 |a Can Tho, Vietnam 
260 |b West-East-South Programme 
260 |c 1995 
650 |a Fishes culture,Nuôi cá 
904 |i Trọng Hải 
980 |a Trung tâm Học liệu Trường Đại học Cần Thơ